| 000 | 01086cam a22003254a 4500 | ||
|---|---|---|---|
| 999 |
_c48200 _d48200 |
||
| 001 | 13453519 | ||
| 003 | Nust | ||
| 005 | 20180711044307.0 | ||
| 008 | 040109s2003 enka b 001 0 eng c | ||
| 010 | _a 2004296006 | ||
| 020 |
_a08264679294 (pbk) _cRs. 230 |
||
| 035 | _a(OCoLC)ocm51569478 | ||
| 038 | _aArshad | ||
| 040 |
_aUKM _cUKM _dPIT _dC#P _dDLC |
||
| 041 | 1 |
_aeng _hfre |
|
| 042 | _apcc | ||
| 050 | 0 | 0 |
_aB2430.B273 _bI64 2003 |
| 082 | 0 | 0 |
_a194 _bBAD |
| 100 | 1 |
_aBadiou, Alain. _910327 |
|
| 245 | 1 | 0 |
_aInfinite thought : _btruth and the return to philosophy / _cAlain Badiou ; translated and edited by Oliver Feltham and Justin Clemens. |
| 260 |
_aLondon ; _aNew York : _bContinuum, _c2003 |
||
| 300 |
_av, 147 p. : _bill. ; _c20 cm. |
||
| 504 | _aIncludes bibliographical references and index. | ||
| 600 | 1 | 0 |
_aBadiou, Alain. _910327 |
| 700 | 1 |
_aClemens, Justin. _910328 |
|
| 700 | 1 |
_aFeltham, Oliver. _910329 |
|
| 906 |
_a7 _bcbc _cpccadap _d2 _encip _f20 _gy-gencatlg |
||
| 942 |
_2ddc _cBK |
||